Geografia Europy dla głupich - Statystyki

Ogólne statystyki
  • Ten quiz został rozwiązany 46 razy
  • Średni wynik to 13 z 15
Statystyki odpowiedzi
Zagadnienie Odpowiedź % Poprawnych
Najmniejszy kraj Europy Watykan
100%
Państwo które zostało najechane przez drugie państwo (2022) Ukraina
98%
Państwo którego stolicą jest Londyn Wielka Brytania
98%
Największy kraj Europy Rosja
95%
Stolica Polski Warszawa
95%
Morze nad którym leżą Włochy Morze Śródziemne
93%
Państwo które spowodowało II wojnę światową Niemcy
93%
Które z tych państw nie należy do Europy? Iran
90%
Państwo którego językiem urzędowym jest Irlandzki Irlandia
90%
Najdłuższa rzeka Europy Wołga
90%
Najbogatszy kraj Europy (najwyższa gospodarka) Niemcy
88%
Państwo które jest w Europie ale w małym procencie Turcja
83%
Ocean z którym Europa graniczy od zachodu Ocean Atlantycki
74%
Kraj z czerwono-białą flagą w Europie Monako
67%
Państwo które jako pierwsze założyło kolonie w Ameryce Hiszpania
62%
Nie znaleziono quizów pasujących do podanych kryteriów
Rozkład punktacji
Procent ludzi z każdym wynikiem
Percentyl według liczby udzielonych odpowiedzi
Twoja historia wyników
Nie rozwiązałeś tego quizu